Cyprus in Eurovision - 12 points - Statistics

General Stats
  • This quiz has been taken 53 times
    39 since last reset
  • The average score is 69 of 74
Answer Stats
Hint Answer % Correct
1983 Greece
100%
1987 Greece
100%
1989 Greece
100%
1992 Greece
100%
1993 Greece
100%
1994 Greece
100%
1995 Greece
100%
1996 QR Greece
100%
1997 Greece
100%
1998 Greece
100%
2002 Greece
100%
2003 Greece
100%
2004 SF Greece
100%
2004 Greece
100%
2005 Greece
100%
2006 Greece
100%
2007 Greece
100%
2008 Greece
100%
2009 SF Greece
100%
2009 Greece
100%
2010 Greece
100%
2011 Greece
100%
2012 SF Greece
100%
2012 Greece
100%
2013 Greece
100%
2016 SF (Televote) Greece
100%
2017 SF (Jury) Greece
100%
2017 SF (Televote) Greece
100%
2017 (Jury) Greece
100%
2017 (Televote) Greece
100%
2018 SF (Televote) Greece
100%
2019 SF (Jury) Greece
100%
2019 SF (Televote) Greece
100%
2019 (Jury) Greece
100%
2019 (Televote) Greece
100%
2021 (Jury) Greece
100%
2021 (Televote) Greece
100%
2022 (Jury) Greece
100%
2023 SF (Televote) Greece
100%
2024 (Televote) Greece
100%
1990 Italy
100%
2015 Italy
100%
1984 Sweden
100%
2011 SF Sweden
100%
2015 SF Sweden
100%
2018 (Jury) Sweden
100%
2022 SF (Jury) Sweden
100%
2023 (Jury) Sweden
100%
2018 SF (Jury) Israel
94%
2023 (Televote) Israel
94%
2024 (Jury) Croatia
91%
2000 Russia
91%
2016 SF (Jury) Russia
91%
2016 (Jury) Russia
91%
1991 Spain
91%
2013 SF Ukraine
91%
2022 (Televote) Ukraine
91%
2024 SF (Televote) Ukraine
91%
2021 SF (Jury) Malta
89%
1996 Portugal
86%
1982 Germany
83%
1985 Germany
83%
1981 Ireland
80%
2022 SF (Televote) Serbia
80%
2007 SF Bulgaria
77%
2016 (Televote) Bulgaria
77%
2018 (Televote) Bulgaria
77%
2008 SF Georgia
69%
2006 SF Armenia
66%
2010 SF Armenia
66%
1999 Iceland
66%
2005 SF Romania
60%
2021 SF (Televote) Lithuania
57%
1986 Yugoslavia
51%
No matching quizzes found
Score Distribution
Percent of People with Each Score
Percentile by Number Answered
Your Score History
You have not taken this quiz since the last reset